000 00907nam a2200229 a 4500
001 52848
003 BD-RjUL
005 20211209075853.0
008 160927s1978 bg ||||| |||| 00| 0 ben d
020 _c: Tk. 9.00
035 _a(BD-RjUL)52968
040 _aBD-RjUL
_bben
_cBD-RjUL
041 _aben
082 _223
_a891.44109
_bSEA 1978
100 _aসেন, প্রবোধচন্দ্র
_9118302
245 1 0 _aআধুনিক বাংলা গীতিকবিতা /
_cপ্রবোধচন্দ্র সেন
260 _aকলকাতা :
_bঅনিমা প্রকাশনী,
_c১৯৭৮
300 _a[১২], ১৩৪ পৃ. :
_bচিত্র ;
_c২০ সেমি.
650 _aবাংলা কবিতা
_xইতিহাস ও সমালোচনা
_9158028
650 _aBengali Poetry
_xHistory and Criticism
_9158029
942 _2ddc
_cBK
999 _c52848
_d52848